Tradícia a súčasnosť oslovili

História firmy Kabát. Rozhovor časopisu Profit s K. Kabátom, synom generálneho riaditeľa firmy. Vzťahy s prvovýrobcami. Orientácia firmy na trhu. Riadenie kvality. Ocenenia výrobkov. Vývoz do zahraničia.

Salvato in:
Dettagli Bibliografici
Autore principale: Seewaldová, A.
Natura: Capitolo di libro
Lingua:slovacco
Soggetti:
Tags: Aggiungi Tag
Nessun Tag, puoi essere il primo ad aggiungerne!!

MARC

LEADER 00000naa a2200000 4500
001 r021285
005 20251104124114.9
041 0 |a slo 
044 |a SK 
245 1 0 |a Tradícia a súčasnosť oslovili  |c A. Seewaldová 
520 |a História firmy Kabát. Rozhovor časopisu Profit s K. Kabátom, synom generálneho riaditeľa firmy. Vzťahy s prvovýrobcami. Orientácia firmy na trhu. Riadenie kvality. Ocenenia výrobkov. Vývoz do zahraničia. 
610 2 0 |a podnikanie 
610 2 0 |a podnik výrobný 
610 2 0 |a Kabát, s.r.o. Madunice 
610 2 0 |a vývoz 
610 2 0 |a riadenie kvality 
610 2 0 |a mäsopriemysel 
100 1 |a Seewaldová, A.